The frontier in Alaska and the Matanuska Colony /

Bibliographic Details
Main Author: Miller, Orlando W.
Format: Book
Language:English
Published: New Haven : Yale University Press, 1975.
Series:Yale Western Americana series ; 26.
Subjects:

MARC

Tag First Indicator Second Indicator Subfields
LEADER 00000cam a2200000 i 4500
001 in00000474635
005 20151012172401.0
008 750527s1975 ctua b 00110 eng
010 |a  74082747  
020 |a 0300016387 :  |c $15.00 
035 |a (OCoLC)01492714 
035 |9 ACA1572AM 
040 |a DLC  |c DLC  |d TXA  |d UtOrBLW 
043 |a n-us-ak 
049 |a TXAM  |c [1152281] 
050 0 0 |a HD210.M37  |b M54 1975 
082 0 |a 333/.009798 
100 1 |a Miller, Orlando W. 
245 1 4 |a The frontier in Alaska and the Matanuska Colony /  |c Orlando W. Miller. 
264 1 |a New Haven :  |b Yale University Press,  |c 1975. 
300 |a xi, 329 pages :  |b illustrations ;  |c 25 cm. 
336 |a text  |b txt  |2 rdacontent 
337 |a unmediated  |b n  |2 rdamedia 
338 |a volume  |b nc  |2 rdacarrier 
490 1 |a Yale Western Americana ; 26 
500 |a Includes index. 
504 |a Bibliography: pages 299-318. 
650 0 |a Land settlement  |z Alaska  |z Matanuska River Valley. 
650 0 |a Frontier thesis. 
651 0 |a Matanuska River Valley (Alaska)  |x Economic conditions. 
830 0 |a Yale Western Americana series ;  |v 26. 
999 |a MARS 
999 f f |s 65b56558-4d50-37b5-aad4-8df88dfa1adc  |i d19a4e42-7138-3902-84bf-77ebaf7dba2a  |t 0 
952 f f |p ric  |a Texas A&M University  |b Rellis Campus  |c Joint Library Facility  |d Remote Storage  |t 0  |e HD210.M37 M54 1975  |h Library of Congress classification  |i unmediated -- volume  |m A14802645756 
998 f f |a HD210.M37 M54 1975  |t 0  |l Remote Storage